000 00567nam a2200181Ia 4500
008 151018s9999 xx 000 0 und d
082 _bRBASDV649
_a920
100 _a-
245 _aफडक्यांच्या शब्दात फडके
250 _b1
260 _bभिडे पु रा आणि कं
_c1940
300 _a51
600 _a-
630 _aफडक्यांच्या शब्दात फडके
700 _a-
730 _aफडक्यांच्या शब्दात फडके
942 _cBOOK
999 _c1003118
_d1003115